Statistics for Countries With The Tallest Buildings In The World On A Map

Click here to take the quiz!

General Stats

  • This quiz has been taken 25 times
  • The average score is 6 of 15

Answers on the Map

Answers color-coded by a green-red scale on the quiz's map according to % correct below.
 

Answer Stats

Answer% Correct
Burj Khalifa
93%
Makkah Royal Clock Tower
73%
Taipei 101
60%
Guangzhou CTF Finance Centre
53%
Lakhta Center
40%
Lotte World Tower
40%
One World Trade Center
40%
Shanghai Tower
40%
Central Park Tower
33%
Shanghai World Financial Center
33%
Tianjin CTF Finance Centre
27%
Vincom Landmark 81
27%
CITIC Tower
20%
International Commerce Centre
13%
Ping An Finance Center
13%

Score Distribution

Percentile by Number Answered

Percent of People with Each Score

Your Score History

You have not taken this quiz